000 00453nam a2200181Ia 4500
001 15991
005 20260306170236.0
008 260306t2011||||xx |||||||||||||| ||und||
041 _aESP
082 _a346.52
_bD75
100 _aDiez-Picazo y Ponce de Leon, Luis
_eAUT
245 0 _aLa doctrina del enriquecimiento sin causa
260 _c2011
300 _a203 páginas :
_c19 cm.
650 _aGEN
654 _aCDE
942 _cLIB
_dJUS
_fJUS
_2ddc
_n
999 _c15991
_d15991